000 00867nam a2200253Ia 4500
003 OSt
005 20221005110542.0
006 a|||||r|||| 00| 0
007 ta
008 221004b |||||||| |||| 00| 0 hin d
020 _a9788126316892 (hbk)
_c130
024 _a105665
037 _b0/00971-D5, 18/03/2011, Bharatiya Gyanpith
_cTextual
040 _aCRL
_cCRL
_bhin
041 _2hin
_ahin
082 _aO152,1N751x, P9
100 _aनीलोत्पल
245 0 _aअनाज पकने का समय
246 _aAnāj pakane kā samaya
260 _aनई दिल्ली
_bभारतीय ज्ञानपीठ भारत
_c2009
300 _a170पृ0
_ccm.
942 _hO152,1N751x, P9
_cTEXL
_2cc
999 _c1019181
_d1019181